[Event "15MCR_F"]
[Site "?"]
[Date "2001.??.??"]
[Round "?"]
[White "Vrkoc, David"]
[Black "Ridky, Vladimir"]
[Result "1-0"]
[WhiteElo "2355"]
[BlackElo "2275"]
[PlyCount "101"]
[EventDate "2001.??.??"]
[EventType "corr"]
[Source "Chess Mail Ltd"]
[SourceDate "2005.07.27"]

1. e4 e6 2. d4 d5 3. Nc3 Nf6 4. Bg5 Be7 5. e5 Nfd7 6. Bxe7 Qxe7 7. f4 O-O 8.
Nf3 c5 9. dxc5 Nc6 10. Qd2 f6 11. exf6 Qxf6 12. g3 Nxc5 13. O-O-O Rd8 14. Nd4
Bd7 15. Bg2 Rac8 16. Qe3 Nxd4 17. Rxd4 a5 18. Rhd1 Be8 19. a3 b5 20. Bh3 Bd7
21. f5 Re8 22. fxe6 Nxe6 23. Bxe6+ Bxe6 24. Rf4 Qd8 25. Qd3 b4 26. axb4 axb4
27. Rxb4 Ra8 28. Kb1 Re7 29. Qd4 Rea7 30. Ra4 Rxa4 31. Nxa4 Qc7 32. Re1 Bf7 33.
b3 Rc8 34. Re2 Qd6 35. Kb2 Qc6 36. Nc3 Ra8 37. Re7 Qd6 38. Ra7 Rd8 39. Nb5 Qe6
40. Qf4 Rf8 41. Nd4 Qg6 42. Re7 Qa6 43. g4 h6 44. h4 Qg6 45. g5 hxg5 46. hxg5
Be8 47. Qg3 Bf7 48. Rc7 Re8 49. Nc6 Qe6 50. Qf4 Bh5 51. Qd4 1-0

[Event "15MCR_F"]
[Site "?"]
[Date "2001.??.??"]
[Round "?"]
[White "Vaindl, Jaroslav"]
[Black "Boukal, Petr"]
[Result "1/2-1/2"]
[WhiteElo "2325"]
[BlackElo "2450"]
[PlyCount "83"]
[EventDate "2001.??.??"]
[EventType "corr"]
[Source "Chess Mail Ltd"]
[SourceDate "2005.07.27"]

1. e4 e6 2. d4 d5 3. Nc3 Bb4 4. e5 c5 5. Bd2 Ne7 6. dxc5 Nbc6 7. f4 Bxc5 8. Nf3
a6 9. Bd3 Nb4 10. Qe2 Bd7 11. Be3 Nxd3+ 12. cxd3 Qb6 13. Bxc5 Qxc5 14. d4 Qb6
15. O-O O-O 16. Qf2 Rac8 17. Rac1 Rc7 18. Rc2 Rfc8 19. Rfc1 h6 20. Qd2 Qa5 21.
Qd3 Ng6 22. Qe3 Ba4 23. Rf2 Ne7 24. g4 Bd7 25. Nh4 Qb6 26. Rd1 Kh7 27. f5 exf5
28. gxf5 f6 29. e6 Be8 30. Qf3 Rc4 31. Rfd2 Rb4 32. b3 a5 33. Nxd5 Nxd5 34.
Qxd5 a4 35. Ng6 axb3 36. axb3 Rxb3 37. Nf8+ Kh8 38. Nd7 Qb4 39. Qe4 Rbc3 40.
Qb1 Rb3 41. Qe4 Rbc3 42. Qb1 1/2-1/2

[Event "15MCR_F"]
[Site "?"]
[Date "2001.??.??"]
[Round "?"]
[White "Vaindl, Jaroslav"]
[Black "Svoboda, Frantisek"]
[Result "0-1"]
[WhiteElo "2325"]
[BlackElo "2420"]
[PlyCount "58"]
[EventDate "2001.??.??"]
[EventType "corr"]
[Source "Chess Mail Ltd"]
[SourceDate "2005.07.27"]

1. e4 e6 2. d4 d5 3. Nc3 Bb4 4. e5 c5 5. Bd2 Ne7 6. dxc5 Nbc6 7. Qg4 Ng6 8. f4
O-O 9. Bd3 f5 10. Qg3 d4 11. Nce2 Bxd2+ 12. Kxd2 Qa5+ 13. Kc1 b6 14. cxb6 Ba6
15. Bxa6 Qxa6 16. Qd3 Qxb6 17. Nf3 Rab8 18. b3 Nge7 19. a3 Nd5 20. Kb2 Rfd8 21.
Rac1 Ne3 22. Nd2 Qc5 23. Rhg1 Rb5 24. c3 dxc3+ 25. Qxc3 Qb6 26. Kb1 Na5 27. b4
Rbd5 28. Nf3 Qa6 29. Qxe3 Rd3 0-1

[Event "15MCR_F"]
[Site "?"]
[Date "2001.??.??"]
[Round "?"]
[White "Boukal, Petr"]
[Black "Straka, Zdenek"]
[Result "1/2-1/2"]
[WhiteElo "2450"]
[BlackElo "2355"]
[PlyCount "52"]
[EventDate "2001.??.??"]
[EventType "corr"]
[Source "Chess Mail Ltd"]
[SourceDate "2005.07.27"]

1. e4 e6 2. d4 d5 3. Nc3 Bb4 4. e5 c5 5. a3 Bxc3+ 6. bxc3 Ne7 7. Qg4 O-O 8. Bd3
Nbc6 9. Qh5 Ng6 10. Nf3 Qe7 11. Be3 c4 12. Bxg6 fxg6 13. Qg4 Qf7 14. Ng5 Qe8
15. h4 Ne7 16. f4 h6 17. Nf3 Qf7 18. Rb1 Rb8 19. Qh3 Qf5 20. Qxf5 Nxf5 21. Kf2
Bd7 22. g4 Ne7 23. Ke2 b5 24. Rbg1 a5 25. Bd2 Nc6 26. Rb1 Ne7 1/2-1/2

[Event "15MCR_F"]
[Site "?"]
[Date "2001.??.??"]
[Round "?"]
[White "Foukal, Zdenek"]
[Black "Vaindl, Jaroslav"]
[Result "1/2-1/2"]
[WhiteElo "2335"]
[BlackElo "2325"]
[PlyCount "105"]
[EventDate "2001.??.??"]
[EventType "corr"]
[Source "Chess Mail Ltd"]
[SourceDate "2005.07.27"]

1. e4 e6 2. d4 d5 3. Nc3 Bb4 4. e5 c5 5. a3 Bxc3+ 6. bxc3 Ne7 7. Qg4 Qc7 8.
Qxg7 Rg8 9. Qxh7 cxd4 10. Ne2 Nbc6 11. f4 Bd7 12. Qd3 dxc3 13. Nxc3 a6 14. Ne2
Nf5 15. h3 Na5 16. a4 Rc8 17. g4 Ne7 18. Bd2 Nc4 19. Nd4 Ng6 20. Ra2 f6 21.
exf6 Nxd2 22. Qxd2 Nxf4 23. Ne2 Nxe2 24. Bxe2 Rg6 25. Rf1 Kf7 26. Ra3 Rxf6 27.
Rxf6+ Kxf6 28. Rf3+ Ke7 29. Qg5+ Kd6 30. Qf4+ Ke7 31. Qg5+ Kd6 32. Qf4+ Ke7 33.
Qb4+ Qc5 34. Qxb7 Qa5+ 35. Kd1 Qxa4 36. Bd3 Qa1+ 37. Ke2 Qe5+ 38. Kf1 Qd6 39.
Qa7 e5 40. Qe3 Kd8 41. Qf2 Rc6 42. Rf8+ Be8 43. g5 e4 44. Be2 Ke7 45. Rg8 Qe5
46. h4 e3 47. Qf8+ Kd8 48. Bd3 Re6 49. Qf3 Kc7 50. Rf8 a5 51. Qf5 Qh2 52. Qf4+
Qxf4+ 53. Rxf4 1/2-1/2

[Event "15MCR_F"]
[Site "?"]
[Date "2001.??.??"]
[Round "?"]
[White "Kadlec, Antonin"]
[Black "Straka, Zdenek"]
[Result "1/2-1/2"]
[WhiteElo "2375"]
[BlackElo "2355"]
[PlyCount "57"]
[EventDate "2001.??.??"]
[EventType "corr"]
[Source "Chess Mail Ltd"]
[SourceDate "2005.07.27"]

1. d4 e6 2. e4 d5 3. Nc3 Bb4 4. e5 c5 5. a3 Bxc3+ 6. bxc3 Ne7 7. Qg4 O-O 8. Bd3
Nbc6 9. Bg5 Qa5 10. Ne2 Ng6 11. O-O Qa4 12. f4 c4 13. Bxg6 fxg6 14. Ra2 Bd7 15.
h4 Rf7 16. h5 gxh5 17. Qxh5 Raf8 18. g4 h6 19. Kg2 hxg5 20. Rh1 Rxf4 21. Nxf4
gxf4 22. g5 Rf5 23. Qh8+ Kf7 24. g6+ Kxg6 25. Kf3 Kf7 26. Rg1 Ke7 27. Rxg7+ Rf7
28. Qh4+ Kf8 29. Qh8+ 1/2-1/2

[Event "15MCR_F"]
[Site "?"]
[Date "2001.??.??"]
[Round "?"]
[White "Omelka, Roman"]
[Black "Boukal, Petr"]
[Result "1/2-1/2"]
[WhiteElo "2270"]
[BlackElo "2450"]
[PlyCount "107"]
[EventDate "2001.??.??"]
[EventType "corr"]
[Source "Chess Mail Ltd"]
[SourceDate "2005.07.27"]

1. e4 e6 2. d4 d5 3. Nc3 Bb4 4. e5 c5 5. a3 Bxc3+ 6. bxc3 Ne7 7. Qg4 Qc7 8.
Qxg7 Rg8 9. Qxh7 cxd4 10. Ne2 Nbc6 11. f4 Bd7 12. Qd3 dxc3 13. Rb1 O-O-O 14.
Nxc3 Na5 15. g3 Kb8 16. Nb5 Bxb5 17. Rxb5 Nc4 18. Be2 Nf5 19. g4 Nh4 20. O-O
Qc6 21. a4 a6 22. Rb3 Rc8 23. Kf2 Qxa4 24. Qd4 Qc6 25. Rc3 Qc7 26. Ba3 Ka8 27.
Ra1 Qd8 28. h3 Ng6 29. Bxc4 dxc4 30. Bd6 Qd7 31. Qe4 Qc6 32. Qxc6 Rxc6 33. Ke3
b5 34. Ke4 Kb7 35. Rd1 a5 36. f5 Nf8 37. Ra3 a4 38. Bb4 Kc8 39. Rb1 Nd7 40.
fxe6 Rxe6 41. Bd6 Rg5 42. Kf4 f6 43. h4 Rg8 44. Kf5 Rge8 45. Rxb5 fxe5 46. Rxa4
Rf6+ 47. Ke4 Rxd6 48. Ra8+ Kc7 49. Rxe8 Nf6+ 50. Kxe5 Nxe8 51. Rc5+ Kd7 52.
Rxc4 Re6+ 53. Kf4 Nd6 54. Rd4 1/2-1/2

[Event "15MCR_F"]
[Site "?"]
[Date "2001.??.??"]
[Round "?"]
[White "Omelka, Roman"]
[Black "Svoboda, Frantisek"]
[Result "1-0"]
[WhiteElo "2270"]
[BlackElo "2420"]
[PlyCount "89"]
[EventDate "2001.??.??"]
[EventType "corr"]
[Source "Chess Mail Ltd"]
[SourceDate "2005.07.27"]

1. e4 e6 2. d4 d5 3. Nc3 Bb4 4. e5 c5 5. a3 Bxc3+ 6. bxc3 Ne7 7. Qg4 Qc7 8.
Qxg7 Rg8 9. Qxh7 cxd4 10. Ne2 Nbc6 11. f4 Bd7 12. Qd3 dxc3 13. Rb1 O-O-O 14.
Nxc3 Na5 15. g3 Kb8 16. Nb5 Bxb5 17. Rxb5 Rc8 18. Be3 Nc4 19. Bf2 Nf5 20. Be2
Qc6 21. a4 Rc7 22. O-O Qa6 23. Ra1 Qc6 24. Rab1 a6 25. R5b4 Kc8 26. g4 Ne7 27.
Ra1 Qe8 28. Rbb1 Qf8 29. Bg3 Ng6 30. Qd4 Na3 31. Rc1 Nxc2 32. Qb6 Qb4 33. Qxb4
Nxb4 34. h4 Nc2 35. Rab1 Ne7 36. h5 Nd4 37. Rxc7+ Kxc7 38. Bd1 Ndc6 39. Kf2 Nc8
40. h6 N8e7 41. Bh4 Rh8 42. Bxe7 Nxe7 43. g5 Ng6 44. Kg3 Ne7 45. Bc2 1-0

[Event "15MCR_F"]
[Site "?"]
[Date "2001.??.??"]
[Round "?"]
[White "Votypka, Miroslav"]
[Black "Boukal, Petr"]
[Result "0-1"]
[WhiteElo "2355"]
[BlackElo "2450"]
[PlyCount "74"]
[EventDate "2001.??.??"]
[EventType "corr"]
[Source "Chess Mail Ltd"]
[SourceDate "2005.07.27"]

1. e4 e6 2. d4 d5 3. Nc3 Bb4 4. e5 c5 5. a3 Bxc3+ 6. bxc3 Ne7 7. Qg4 Qc7 8.
Qxg7 Rg8 9. Qxh7 cxd4 10. Ne2 Nbc6 11. f4 Bd7 12. Qd3 dxc3 13. Qxc3 Nf5 14. Rb1
O-O-O 15. Rg1 d4 16. Qd3 Be8 17. g4 Nh4 18. Rg3 f6 19. exf6 Bf7 20. g5 Nf5 21.
Rh3 Bg6 22. Qc4 Nd6 23. Qxe6+ Kb8 24. Qa2 Rge8 25. Bd2 Bf5 26. Rg3 Qh7 27. f7
Nxf7 28. Qc4 Rc8 29. Bg2 Nd6 30. Qc5 Ne4 31. Bxe4 Rxe4 32. Rg2 Ka8 33. Qb5 d3
34. Qxd3 Rd8 35. g6 Bxg6 36. Qg3 Bf7 37. Rb5 Rde8 0-1

[Event "15MCR_F"]
[Site "?"]
[Date "2001.??.??"]
[Round "?"]
[White "Votypka, Miroslav"]
[Black "Svoboda, Frantisek"]
[Result "0-1"]
[WhiteElo "2355"]
[BlackElo "2420"]
[PlyCount "76"]
[EventDate "2001.??.??"]
[EventType "corr"]
[Source "Chess Mail Ltd"]
[SourceDate "2005.07.27"]

1. e4 e6 2. d4 d5 3. Nc3 Bb4 4. e5 c5 5. a3 Bxc3+ 6. bxc3 Ne7 7. Qg4 Qc7 8.
Qxg7 Rg8 9. Qxh7 cxd4 10. Ne2 Nbc6 11. f4 Bd7 12. Qd3 dxc3 13. Qxc3 Nf5 14. Rb1
O-O-O 15. Rg1 d4 16. Qd3 f6 17. g4 Nh4 18. exf6 e5 19. Bh3 Rge8 20. Qg3 d3 21.
f7 exf4 22. fxe8=Q fxg3 23. Qe4 gxh2 24. Rh1 dxe2 25. Bf4 Qa5+ 26. Kf2 Re8 27.
Qd3 Rf8 28. Qd6 Ng6 29. Rb4 e1=Q+ 30. Rxe1 Rxf4+ 31. Rxf4 Nxf4 32. Qf8+ Nd8 33.
Qxf4 Qxe1+ 34. Kxe1 h1=Q+ 35. Bf1 Qh4+ 36. Kd2 Qxg4 37. Qf8 Qf5 38. Qxf5 Bxf5
0-1

[Event "15MCR_F"]
[Site "?"]
[Date "2001.??.??"]
[Round "?"]
[White "Kudela, Stanislav"]
[Black "Svoboda, Frantisek"]
[Result "0-1"]
[WhiteElo "2440"]
[BlackElo "2420"]
[PlyCount "42"]
[EventDate "2001.??.??"]
[EventType "corr"]
[Source "Chess Mail Ltd"]
[SourceDate "2005.07.27"]

1. e4 e6 2. d4 d5 3. Nc3 Bb4 4. e5 c5 5. a3 Bxc3+ 6. bxc3 Ne7 7. Nf3 b6 8. a4
Ba6 9. Bxa6 Nxa6 10. O-O O-O 11. Qd3 c4 12. Qe2 Nb8 13. h4 Qd7 14. h5 h6 15. g4
Nbc6 16. Nh4 Rac8 17. f4 f6 18. exf6 Rxf6 19. Bd2 Re8 20. Rf2 Rf7 21. Rg2 Nd8 {
Bily vystoupil z turnaje} 0-1

[Event "15MCR_F"]
[Site "?"]
[Date "2001.??.??"]
[Round "?"]
[White "Kudela, Stanislav"]
[Black "Vaindl, Jaroslav"]
[Result "0-1"]
[WhiteElo "2440"]
[BlackElo "2325"]
[PlyCount "30"]
[EventDate "2001.??.??"]
[EventType "corr"]
[Source "Chess Mail Ltd"]
[SourceDate "2005.07.27"]

1. e4 e6 2. d4 d5 3. Nc3 Bb4 4. e5 c5 5. a3 Bxc3+ 6. bxc3 Ne7 7. Nf3 Bd7 8. a4
Qa5 9. Bd2 Nbc6 10. Bb5 c4 11. O-O h6 12. Qb1 g5 13. h3 O-O-O 14. Qb2 Rdg8 15.
g3 g4 {Bily vystoupil z turnaje.} 0-1

[Event "15MCR_F"]
[Site "?"]
[Date "2001.??.??"]
[Round "?"]
[White "Vrkoc, David"]
[Black "Boukal, Petr"]
[Result "1-0"]
[WhiteElo "2355"]
[BlackElo "2450"]
[PlyCount "75"]
[EventDate "2001.??.??"]
[EventType "corr"]
[Source "Chess Mail Ltd"]
[SourceDate "2005.07.27"]

1. e4 e6 2. d4 d5 3. Nc3 Bb4 4. e5 c5 5. a3 Bxc3+ 6. bxc3 Ne7 7. Nf3 Nbc6 8. a4
Qa5 9. Bd2 Bd7 10. Be2 f6 11. c4 Qc7 12. exf6 gxf6 13. cxd5 Nxd5 14. c3 O-O-O
15. O-O Rhg8 16. dxc5 e5 17. Qc2 f5 18. a5 e4 19. Nh4 a6 20. g3 Be6 21. Ng2 Qe7
22. Nf4 Nxf4 23. Bxf4 Qxc5 24. Qa4 Bd5 25. Rfb1 Rg6 26. Rb2 Rg7 27. Rb6 Nb8 28.
Qb4 Qxb4 29. cxb4 Rg6 30. b5 axb5 31. Rxb5 Rc6 32. Rd1 Rc2 33. Bh5 Bc6 34. Rxf5
Nd7 35. Rf7 Rc5 36. Rxh7 Ba4 37. Rd4 Nf6 38. Rxa4 1-0

[Event "15MCR_F"]
[Site "?"]
[Date "2001.??.??"]
[Round "?"]
[White "Vrkoc, David"]
[Black "Svoboda, Frantisek"]
[Result "1-0"]
[WhiteElo "2355"]
[BlackElo "2420"]
[PlyCount "95"]
[EventDate "2001.??.??"]
[EventType "corr"]
[Source "Chess Mail Ltd"]
[SourceDate "2005.07.27"]

1. e4 e6 2. d4 d5 3. Nc3 Bb4 4. e5 c5 5. a3 Bxc3+ 6. bxc3 Ne7 7. Nf3 Nbc6 8. a4
Qa5 9. Bd2 Bd7 10. Be2 f6 11. c4 Qc7 12. exf6 gxf6 13. cxd5 Nxd5 14. c3 O-O-O
15. O-O Rhg8 16. dxc5 e5 17. Qc2 f5 18. a5 e4 19. Nh4 a6 20. g3 Be6 21. Ng2 Qf7
22. Nf4 Nxf4 23. Bxf4 Bc4 24. Bd6 Bxe2 25. Qxe2 h5 26. Rfb1 e3 27. Qxe3 h4 28.
Qf3 Rg4 29. Re1 Qg6 30. Bf4 Qf7 31. Rad1 Rxd1 32. Qxd1 Rg8 33. Qd6 Rd8 34. Qh6
hxg3 35. hxg3 Nxa5 36. Ra1 Nc6 37. Rxa6 Rd1+ 38. Kh2 Qd5 39. Ra8+ Kd7 40. Qd6+
Qxd6 41. cxd6 Rd5 42. c4 Rd4 43. Rf8 Rxc4 44. Rxf5 Nd8 45. g4 Ne6 46. Rf7+ Kc6
47. Kg3 Rc3+ 48. f3 1-0

[Event "15MCR_F"]
[Site "?"]
[Date "2001.??.??"]
[Round "?"]
[White "Vavrla, Zdenek"]
[Black "Foukal, Zdenek"]
[Result "1-0"]
[WhiteElo "2320"]
[BlackElo "2335"]
[PlyCount "100"]
[EventDate "2001.??.??"]
[EventType "corr"]
[Source "Chess Mail Ltd"]
[SourceDate "2005.07.27"]

1. e4 e5 2. f4 exf4 3. Nf3 g5 4. h4 g4 5. Ne5 d6 6. Nxg4 Be7 7. Qf3 Bxh4+ 8.
Nf2 Bg3 9. d4 Qf6 10. Nc3 Qxd4 11. Bxf4 Bxf4 12. Qxf4 Be6 13. Rd1 Qf6 14. Qg3
Ne7 15. Nb5 Na6 16. c3 Rg8 17. Qe3 Rg7 18. Nd4 Bxa2 19. Rh6 Qg5 20. Qxg5 Rxg5
21. Rxh7 Nc5 22. c4 a5 23. Ra1 Bb3 24. Nd3 Bxc4 25. Nxc5 Bxf1 26. Nce6 fxe6 27.
Nxe6 Re5 28. Nxc7+ Kd7 29. Nxa8 Bxg2 30. Rc1 Bxe4 31. Rc7+ Ke8 32. Rh8+ Kf7 33.
Nb6 Bc6+ 34. Kd2 Kg6 35. Nc4 Rd5+ 36. Kc3 Kf6 37. Re8 Nf5 38. Ra8 a4 39. Rf8+
Kg5 40. Rcf7 b5 41. Nb6 Re5 42. Kb4 Bf3 43. Nc8 Bd5 44. Rf6 Be6 45. Rxf5+ Bxf5
46. Nxd6 Bg6 47. Nxb5 Re2 48. Ka3 Be8 49. Nc3 Re3 50. Rf2 Rh3 {
Cerny prekrocil cas.} 1-0

[Event "15MCR_F"]
[Site "?"]
[Date "2001.??.??"]
[Round "?"]
[White "Vavrla, Zdenek"]
[Black "Kostal, Jindrich"]
[Result "1/2-1/2"]
[WhiteElo "2320"]
[BlackElo "2305"]
[PlyCount "100"]
[EventDate "2001.??.??"]
[EventType "corr"]
[Source "Chess Mail Ltd"]
[SourceDate "2005.07.27"]

1. e4 e5 2. f4 exf4 3. Nf3 g5 4. h4 g4 5. Ne5 d6 6. Nxg4 Nf6 7. Nxf6+ Qxf6 8.
Nc3 Nc6 9. Nd5 Qg6 10. Qf3 Nd4 11. Nxc7+ Kd8 12. Qc3 Nxc2+ 13. Kd1 Bg7 14. Qxc2
Bg4+ 15. Ke1 Rc8 16. h5 Bxh5 17. d3 Rxc7 18. Qf2 Bg4 19. Qxa7 Re8 20. Bxf4 Bxb2
21. Rh6 Rxe4+ 22. dxe4 Qxe4+ 23. Qe3 Re7 24. Rxd6+ Kc8 25. Kf2 Qxe3+ 26. Bxe3
Bxa1 27. Rh6 Bf5 28. Bc4 Bg6 29. Bb3 Bf6 30. Rh1 h5 31. Bb6 Re4 32. Rc1+ Kd7
33. Rd1+ Ke8 34. Bd5 Rb4 35. Bc5 Rb5 36. Re1+ Kd8 37. Rd1 Bc2 38. Rd2 Rxc5 39.
Be4+ Bd4+ 40. Rxd4+ Kc7 41. Bf3 b6 42. Rf4 Bg6 43. a4 Kb8 44. Kg3 Re5 45. Rd4
Ra5 46. Rc4 Rg5+ 47. Kf4 Rf5+ 48. Kg3 Rc5 49. Rf4 Kc7 50. Kh4 Ra5 1/2-1/2

[Event "15MCR_F"]
[Site "?"]
[Date "2001.??.??"]
[Round "?"]
[White "Vavrla, Zdenek"]
[Black "Rybak, Milan"]
[Result "1/2-1/2"]
[WhiteElo "2320"]
[BlackElo "2410"]
[PlyCount "102"]
[EventDate "2001.??.??"]
[EventType "corr"]
[Source "Chess Mail Ltd"]
[SourceDate "2005.07.27"]

1. e4 e5 2. f4 exf4 3. Nf3 g5 4. h4 g4 5. Ne5 Nf6 6. Bc4 d5 7. exd5 Bd6 8. d4
O-O 9. Bxf4 Nh5 10. g3 f6 11. Nxg4 Qe8+ 12. Kd2 Nxf4 13. gxf4 Qe4 14. Kc3 Qxf4
15. Be2 c5 16. Kb3 b5 17. a3 Qxd4 18. Qxd4 cxd4 19. Rd1 f5 20. Nf2 Bb7 21. Bxb5
Bxd5+ 22. c4 Bf7 23. Nd2 a6 24. Ba4 Ra7 25. Nd3 Re7 26. Kc2 f4 27. Rg1+ Kh8 28.
c5 Bc7 29. Rae1 Re3 30. Nf1 Bg6 31. Nxe3 dxe3 32. Kc3 Rd8 33. Bc2 Nc6 34. b4
Nd4 35. Nxf4 Bxc2 36. Ne2 Nxe2+ 37. Rxe2 Be4 38. Rxe3 Be5+ 39. Kc4 Bd5+ 40. Kd3
Bc6+ 41. Kc4 Bf6 42. h5 Rd2 43. Kb3 Bd4 44. Rgg3 Bxe3 45. Rxe3 Kg8 46. Re7 Rf2
47. Kc3 Rf3+ 48. Kb2 Rf6 49. Ra7 Bb5 50. Kb3 Be2 51. a4 Bd1+ {Odhad} 1/2-1/2

[Event "15MCR_F"]
[Site "?"]
[Date "2001.??.??"]
[Round "?"]
[White "Masek, Jan"]
[Black "Foukal, Zdenek"]
[Result "1-0"]
[WhiteElo "2330"]
[BlackElo "2335"]
[PlyCount "55"]
[EventDate "2001.??.??"]
[EventType "corr"]
[Source "Chess Mail Ltd"]
[SourceDate "2005.07.27"]

1. e4 e5 2. Nf3 Nf6 3. Nxe5 d6 4. Nf3 Nxe4 5. d4 d5 6. Bd3 Be7 7. O-O Nc6 8.
Re1 Bf5 9. c4 Nb4 10. Bf1 dxc4 11. Nc3 Nf6 12. Bxc4 O-O 13. a3 Nc6 14. d5 Na5
15. Ba2 c5 16. Bg5 h6 17. Bh4 Re8 18. Qa4 b6 19. Re5 Bd7 20. Qc2 Nb7 21. Rae1
Nd6 22. Bb1 g5 23. Nxg5 hxg5 24. Rxg5+ Kf8 25. Qc1 Bg4 26. f3 Ng8 27. Rxg8+
Kxg8 28. Qh6 1-0

[Event "15MCR_F"]
[Site "?"]
[Date "2001.??.??"]
[Round "?"]
[White "Rybak, Milan"]
[Black "Trexler, Evzen"]
[Result "1/2-1/2"]
[WhiteElo "2410"]
[BlackElo "2350"]
[PlyCount "25"]
[EventDate "2001.??.??"]
[EventType "corr"]
[Source "Chess Mail Ltd"]
[SourceDate "2005.07.27"]

1. e4 e5 2. Nf3 Nf6 3. Bc4 Nxe4 4. Nc3 Nxc3 5. dxc3 c6 6. Nxe5 d5 7. O-O Bd6 8.
Re1 O-O 9. Bd3 Nd7 10. Nxd7 Bxd7 11. Qh5 g6 12. Qh6 Re8 13. Bg5 1/2-1/2

[Event "15MCR_F"]
[Site "?"]
[Date "2001.??.??"]
[Round "?"]
[White "Boukal, Petr"]
[Black "Masek, Jan"]
[Result "1-0"]
[WhiteElo "2450"]
[BlackElo "2330"]
[PlyCount "93"]
[EventDate "2001.??.??"]
[EventType "corr"]
[Source "Chess Mail Ltd"]
[SourceDate "2005.07.27"]

1. e4 e5 2. Nf3 Nc6 3. d4 exd4 4. Nxd4 Bc5 5. Nxc6 Qf6 6. Qd2 dxc6 7. Nc3 Ne7
8. Qf4 Qe6 9. Bd3 O-O 10. O-O Ng6 11. Qg5 Qe5 12. Qxe5 Nxe5 13. Be2 Bg4 14.
Bxg4 Nxg4 15. h3 Nf6 16. Re1 Rfe8 17. Kf1 Bd6 18. f3 h6 19. Be3 Rad8 20. Ne2 c5
21. Rad1 b6 22. c4 Be5 23. b3 c6 24. g4 Kf8 25. Kf2 Kg8 26. h4 Kf8 27. g5 Ng8
28. f4 Bc7 29. Kf3 hxg5 30. hxg5 Ne7 31. f5 Nc8 32. Bf4 Bxf4 33. Kxf4 f6 34.
gxf6 gxf6 35. Rxd8 Rxd8 36. Rh1 Kg7 37. Ke3 Nd6 38. Nf4 Rd7 39. Ne6+ Kg8 40.
Rg1+ Kh8 41. Kf4 Ne8 42. e5 Rd2 43. Ke3 Rd7 44. Nf8 Rd4 45. Rh1+ Kg8 46. Ng6
Kg7 47. Rh8 1-0

[Event "15MCR_F"]
[Site "?"]
[Date "2001.??.??"]
[Round "?"]
[White "Boukal, Petr"]
[Black "Vavrla, Zdenek"]
[Result "1-0"]
[WhiteElo "2450"]
[BlackElo "2320"]
[PlyCount "81"]
[EventDate "2001.??.??"]
[EventType "corr"]
[Source "Chess Mail Ltd"]
[SourceDate "2005.07.27"]

1. e4 e5 2. Nf3 Nc6 3. d4 exd4 4. Nxd4 Bc5 5. Nxc6 Qf6 6. Qd2 dxc6 7. Nc3 Be6
8. Na4 Bd6 9. Qe3 Nh6 10. h3 O-O 11. g4 Rfe8 12. Nc3 Qg6 13. Qg5 f5 14. gxf5
Bxf5 15. Qxg6 Bxg6 16. Bxh6 gxh6 17. f3 Bh5 18. Be2 Rf8 19. Rg1+ Kh8 20. f4
Bxe2 21. Nxe2 Bxf4 22. Nxf4 Rxf4 23. O-O-O Rf7 24. Rgf1 Re7 25. Rde1 Rae8 26.
Rf4 Re5 27. Kd2 Kg7 28. Ke3 R8e7 29. h4 R7e6 30. Rd1 Rd6 31. Rdf1 Rde6 32. c4
c5 33. R1f2 b6 34. Rf1 Kg6 35. Rg1+ Kh5 36. Kf3 Re7 37. Rf5+ Rxf5+ 38. exf5 a5
39. a4 c6 40. b3 Re2 41. Kxe2 1-0

[Event "15MCR_F"]
[Site "?"]
[Date "2001.??.??"]
[Round "?"]
[White "Spal, Milan"]
[Black "Hala, Martin"]
[Result "1-0"]
[WhiteElo "2425"]
[BlackElo "2415"]
[PlyCount "103"]
[EventDate "2001.??.??"]
[EventType "corr"]
[Source "Chess Mail Ltd"]
[SourceDate "2005.07.27"]

1. e4 e5 2. Nf3 Nc6 3. d4 exd4 4. Nxd4 Bc5 5. Nxc6 Qf6 6. Qd2 dxc6 7. Nc3 Be6
8. Na4 Rd8 9. Bd3 Bd4 10. O-O Qh4 11. Qf4 Qh5 12. Qg3 Ne7 13. Be3 Bf6 14. h3
O-O 15. Rad1 b6 16. Rd2 Ng6 17. b3 c5 18. Be2 Qe5 19. Qxe5 Nxe5 20. Rfd1 Rxd2
21. Rxd2 g5 22. Nb2 Nc6 23. Nd1 h6 24. Bg4 Re8 25. f3 Be5 26. Bxe6 Rxe6 27. Kf2
Nd4 28. c3 Nb5 29. Rd8+ Kg7 30. Bd2 Kg6 31. g4 Rd6 32. Rxd6+ Nxd6 33. Ne3 c6
34. Ke2 Kf6 35. Kd3 Ke6 36. Be1 f6 37. Nf5 Nf7 38. h4 Bf4 39. h5 Ne5+ 40. Ke2
Nf7 41. Bf2 Be5 42. Kd3 Bf4 43. a4 Ne5+ 44. Ke2 Nf7 45. a5 Bd6 46. a6 Be5 47.
Kd3 Bc7 48. b4 cxb4 49. cxb4 Ne5+ 50. Kc2 Nf7 51. Bd4 Bd8 52. Kb3 {Odhad} 1-0

[Event "15MCR_F"]
[Site "?"]
[Date "2001.??.??"]
[Round "?"]
[White "Spal, Milan"]
[Black "Masek, Jan"]
[Result "1/2-1/2"]
[WhiteElo "2425"]
[BlackElo "2330"]
[PlyCount "69"]
[EventDate "2001.??.??"]
[EventType "corr"]
[Source "Chess Mail Ltd"]
[SourceDate "2005.07.27"]

1. e4 e5 2. Nf3 Nc6 3. d4 exd4 4. Nxd4 Bc5 5. Nxc6 Qf6 6. Qd2 dxc6 7. Nc3 Ne7
8. Qf4 Qe6 9. Qg5 Bd4 10. Bd3 Ng6 11. Be3 Qe5 12. Qxe5+ Bxe5 13. g3 Bxc3+ 14.
bxc3 O-O 15. f4 b6 16. Kf2 c5 17. Rad1 Bb7 18. Rhe1 Rad8 19. e5 Bc8 20. Be4 Ne7
21. Rd3 Ba6 22. Rxd8 Rxd8 23. f5 h6 24. f6 Nd5 25. fxg7 Nxe3 26. Kxe3 Kxg7 27.
g4 Kf8 28. h4 Ke7 29. a3 Bc4 30. Rg1 Ke6 31. Kf4 Rd2 32. g5 hxg5+ 33. Rxg5 Bd5
34. Bf5+ Ke7 35. h5 1/2-1/2

[Event "15MCR_F"]
[Site "?"]
[Date "2001.??.??"]
[Round "?"]
[White "Spal, Milan"]
[Black "Rybak, Milan"]
[Result "1/2-1/2"]
[WhiteElo "2425"]
[BlackElo "2410"]
[PlyCount "43"]
[EventDate "2001.??.??"]
[EventType "corr"]
[Source "Chess Mail Ltd"]
[SourceDate "2005.07.27"]

1. e4 e5 2. Nf3 Nc6 3. d4 exd4 4. Nxd4 Qf6 5. Nxc6 Bc5 6. Qd2 dxc6 7. Nc3 Qg6
8. Qg5 Qxg5 9. Bxg5 Be6 10. Rd1 Ne7 11. Be2 Ng6 12. O-O a6 13. Bh5 O-O 14. b3
f6 15. Bc1 Bf7 16. Ne2 Rfe8 17. Ng3 a5 18. Rd7 Re7 19. Rxe7 Nxe7 20. a4 b5 21.
Bf3 Rb8 22. Rd1 1/2-1/2

[Event "15MCR_F"]
[Site "?"]
[Date "2001.??.??"]
[Round "?"]
[White "Rybak, Milan"]
[Black "Kostal, Jindrich"]
[Result "1-0"]
[WhiteElo "2410"]
[BlackElo "2305"]
[PlyCount "110"]
[EventDate "2001.??.??"]
[EventType "corr"]
[Source "Chess Mail Ltd"]
[SourceDate "2005.07.27"]

1. e4 e5 2. Nf3 Nc6 3. Bc4 Bc5 4. b4 Bxb4 5. c3 Bc5 6. d4 exd4 7. O-O d6 8.
cxd4 Bb6 9. Re1 Bg4 10. Bb2 Qf6 11. e5 dxe5 12. dxe5 Qg6 13. Qb3 Nge7 14. Nbd2
Rd8 15. e6 fxe6 16. Bxe6 Rf8 17. Bxg4 Rxd2 18. Nxd2 Bxf2+ 19. Kh1 Bxe1 20. Rxe1
Qxg4 21. Qxb7 Kd7 22. Qb5 Rf5 23. Qd3+ Rd5 24. Qe3 Rg5 25. Qf2 Rd5 26. Nf3 Qg6
27. Qe2 Nf5 28. Qc4 Ra5 29. Bc3 Nd6 30. Rd1 Rf5 31. Qa4 Qe6 32. Bxg7 Ra5 33.
Qc2 Qxa2 34. Qxh7 Qf7 35. Qh3+ Qf5 36. Qxf5+ Rxf5 37. h4 a5 38. Kh2 a4 39. Rd3
Nb4 40. Ra3 Ra5 41. g4 Nc4 42. Ra1 Nc2 43. Rh1 Nd6 44. h5 Nf7 45. g5 Ne3 46. h6
Nf5 47. Bc3 Rc5 48. Bd2 Ne7 49. Kg3 Rc6 50. h7 Ng6 51. Nh4 Ngh8 52. Kg4 a3 53.
Ra1 Ra6 54. Kh5 Rd6 55. Bc3 Rd5 1-0

[Event "15MCR_F"]
[Site "?"]
[Date "2001.??.??"]
[Round "?"]
[White "Vrkoc, David"]
[Black "Vavrla, Zdenek"]
[Result "1/2-1/2"]
[WhiteElo "2355"]
[BlackElo "2320"]
[PlyCount "58"]
[EventDate "2001.??.??"]
[EventType "corr"]
[Source "Chess Mail Ltd"]
[SourceDate "2005.07.27"]

1. e4 e5 2. Nf3 Nc6 3. Bc4 Bc5 4. b4 Bxb4 5. c3 Be7 6. d4 Na5 7. Nxe5 Nxc4 8.
Nxc4 d5 9. exd5 Qxd5 10. Nca3 Qd8 11. O-O Nf6 12. Qf3 O-O 13. Rd1 c6 14. c4 Qa5
15. Bb2 Re8 16. d5 cxd5 17. cxd5 Qa6 18. Nd2 Bd7 19. Ndc4 Bb5 20. d6 Bd8 21.
Rac1 Re6 22. Bxf6 Rxf6 23. Qh5 Ba4 24. Rd4 Re6 25. h4 Rc8 26. Rf4 g6 27. Qd5
Qc6 28. Qd4 Bb6 29. Qb2 f5 {
Dale je zapis nesrozumitelny, ve 44. tahu dano za remis.} 1/2-1/2